Duos Rios : publicació de l'Arxiu Municipal de Dosrius (AMD) publicació de l'Arxiu Municipal de Dosrius (AMD)
Descripción Física:
fot. ; 30 cm
MARC
| LEADER | 00000nam a2200000Ia 4500 | ||
|---|---|---|---|
| 003 | BGR | ||
| 005 | 20260324180059.0 | ||
| 008 | 160829s2004- xx 000 0 cat d | ||
| 008 | 160829s9999 xx 000 0 cat d | ||
| 080 | |a Revistes | ||
| 245 | |a Duos Rios : |b publicació de l'Arxiu Municipal de Dosrius (AMD) | ||
| 260 | |a Dosrius : |b Ajuntament de Dosrius. Arxiu Històric Municipal, |c 2004- | ||
| 300 | |a fot. ; |c 30 cm | ||
| 362 | |a Núm. 1 (abr. 2004?)- | ||
| 590 | |a Anual. | ||
| 590 | |a Descripció basada en: Núm. 2 (juny 2008) | ||
| 650 | |a Història local |x Dosrius |x Revistes |9 45736 | ||
| 650 | |a Dosrius |x Història |x Revistes |9 45737 | ||
| 710 | |a Dosrius (Catalunya). |b Ajuntament |9 55321 | ||
| 710 | 1 | |a Arxiu Històric Municipal de Dosrius |9 70529 | |
| 866 | |a 2008 (2) | ||
| 901 | |a Arxiu | ||
| 942 | |n 1 |2 udc |c MON | ||
| 952 | |0 0 |1 0 |4 0 |6 REVISTES |7 1 |9 52784 |a Arxiu |b Arxiu |d 2016-12-01 |l 0 |o Revistes |r 2016-12-01 00:00:00 |w 2016-12-01 |y ARXIU | ||
| 999 | |c 56633 |d 56633 | ||